00901cam a2200241 a 450000100100000000500170001000800410002704000300006808200200009810000350011824000320015324500660018526000660025130000210031750400420033865000380038065000240041870000360044291000340047804900090051295201230052199900150064400000633820200929153922.0850515s1982 cu b 000 0 spa  aDO-SdBNPbspacDLCdBNPHU aCu861.44bA921p1 aAugier, Ángel,d1910-91765410aObras en prosakSelecciones10aProsa varia /cÁngel Augier ; edición Maritza González. aCiudad de la Habana, Cuba :bEditorial Letras Cubanas,c1982. a499 p. ;c24 cm. aIncluye referencias bibliográficas. 4aLiteratura cubanaySIGLO XX99186 4aProsa cubana9176551 aGonzález, Maritzaeed.917656 aCatalogación por copia / LC aBNGR 001052708MOaGRbGRcCTd2009-08-27iLF1l0oCu861.44 A921pp6338-10r2020-06-25w2020-06-25y2ZPréstamo interno c6133d6133